Ludwig van Beethovens Symphonien (Record no. 9981)

MARC details
000 -CABECERA
campo de control de longitud fija 00949nam a2200265 a 4500
001 - NÚMERO DE CONTROL
campo de control BRL_1169
005 - FECHA Y HORA DE LA ÚLTIMA TRANSACCIÓN
campo de control 20190320211050.0
008 - DATOS DE LONGITUD FIJA--INFORMACIÓN GENERAL
campo de control de longitud fija 211113s1910----gw-#######---#000-0#ger-#
041 ## - CÓDIGO DE LENGUA
Código de lengua del texto/banda sonora o título independiente ger
044 ## - CÓDIGO DEL PAÍS DE LA ENTIDAD EDITORA/PRODUCTORA
Código MARC del país gw
050 #4 - SIGNATURA TOPOGRÁFICA DE LA BIBLIOTECA DEL CONGRESO
Número de clasificación ML60
Número de documento/Ítem .C46 1910
100 1# - ENTRADA PRINCIPAL--NOMBRE DE PERSONA
Nombre de persona Chop, Max
9 (RLIN) 25992
245 10 - MENCIÓN DE TÍTULO
Título Ludwig van Beethovens Symphonien
Resto del título Geschichtlich und musikalisch analysiert, mit zahlreichen votenbeispielen
Mención de responsabilidad, etc. von Max Chop.
260 ## - PUBLICACIÓN, DISTRIBUCIÓN, ETC.
Lugar de publicación, distribución, etc. Leipzig
Nombre del editor, distribuidor, etc. Philopp Reclam jun.
Fecha de publicación, distribución, etc. 1910
300 ## - DESCRIPCIÓN FÍSICA
Extensión v.
Dimensiones 16 cm.
440 #0 - MENCIÓN DE SERIE/PUNTO DE ACCESO ADICIONAL--TÍTULO
Título Reclams universal Bibliothek
Designación de volumen o secuencia Nr. 5231, 5232, 5233
9 (RLIN) 25993
440 #0 - MENCIÓN DE SERIE/PUNTO DE ACCESO ADICIONAL--TÍTULO
Título Erlauterungen zu Meisterwerken der Tonkunst
Designación de volumen o secuencia Bd. 18, 19, 20
9 (RLIN) 25994
500 ## - NOTA GENERAL
Nota general v.18 Au1371 ; v.19 Au1372 ; v.20 Au1370
500 ## - NOTA GENERAL
Nota general Symphonien Nr. v.18 1-3, v.19 4-6, v.20 7-9.
600 14 - PUNTO DE ACCESO ADICIONAL DE MATERIA--NOMBRE DE PERSONA
Nombre de persona Beethoven, Ludwig van
Fechas asociadas al nombre 1770-1827
Título de la obra Sinfonías
9 (RLIN) 25995
650 14 - PUNTO DE ACCESO ADICIONAL DE MATERIA--TÉRMINO DE MATERIA
Término de materia o nombre geográfico como elemento de entrada Sinfonías
9 (RLIN) 25996
650 14 - PUNTO DE ACCESO ADICIONAL DE MATERIA--TÉRMINO DE MATERIA
Término de materia o nombre geográfico como elemento de entrada Música
Subdivisión general Historia y crítica
9 (RLIN) 15404
902 ## - CATALOGADOR
Iniciales GRL
942 ## - ELEMENTOS DE PUNTO DE ACCESO ADICIONAL (KOHA)
Fuente del sistema de clasificación o colocación Library of Congress Classification
Tipo de ítem Koha Libros
Holdings
Estado de retiro Estado de pérdida Estado dañado No para préstamo Localización permanente Ubicación/localización actual Fecha de adquisición Total de préstamos Signatura topográfica completa Código de barras Fecha visto por última vez Precio válido a partir de Tipo de ítem Koha
El ejemplar forma parte de la colección y puede ser consultado según las políticas vigentes.       Biblioteca Centro de Estudios Ruth D. Lechuga Biblioteca Centro de Estudios Ruth D. Lechuga 21/11/2013   ML60 .C46 1910 GRL01284 22/03/2019 22/03/2019 Libros
El ejemplar forma parte de la colección y puede ser consultado según las políticas vigentes.       Biblioteca Centro de Estudios Ruth D. Lechuga Biblioteca Centro de Estudios Ruth D. Lechuga 27/10/2015   ML60 .C46 1910 GRL01285 22/03/2019 22/03/2019 Libros
El ejemplar forma parte de la colección y puede ser consultado según las políticas vigentes.       Biblioteca Centro de Estudios Ruth D. Lechuga Biblioteca Centro de Estudios Ruth D. Lechuga 27/10/2015   ML60 .C46 1910 GRL01286 22/03/2019 22/03/2019 Libros